Normal view
MARC view
- Lee, Hock Lock
Entry Personal Name
001 - CONTROL NUMBER
- control field: 129070
003 - CONTROL NUMBER IDENTIFIER
- control field: NUST
005 - DATE AND TIME OF LATEST TRANSACTION
- control field: 20250529121001.0
008 - FIXED-LENGTH DATA ELEMENTS
- fixed length control field: 250529|| aca||aabn | a|a d
040 ## - CATALOGING SOURCE
- Original cataloging agency: NUST
- Transcribing agency: NUST
100 ## - HEADING--PERSONAL NAME
- Personal name: Lee, Hock Lock
670 ## - SOURCE DATA FOUND
- Source citation: Work cat.: (NUST)0: Lee, Hock Lock., Regulation of banks and other depository institutions in Malaysia :, c1992.
